| 000 | 00996nam a22002655a 4500 | ||
|---|---|---|---|
| 003 | OSt | ||
| 005 | 20170117131246.0 | ||
| 008 | 170117s2015 ua frb 000 0 ara d | ||
| 015 | _a2015 / 14122 | ||
| 020 | _a9789770478448 | ||
| 040 |
_aEG-ScBUE _bara _cEG-ScBUE |
||
| 082 | 0 | 4 |
_a341.48 _bع س ب _222 |
| 100 | 1 | _aعسبلي، محمد حمد. | |
| 245 | 1 | 2 |
_aالقانون الدولي الإنساني وأحكام الشريعة الإسلامية ذات الصلة / _cمحمد حمد العسبلي. |
| 250 | _aط. 1. | ||
| 260 |
_aالقاهرة : _bدار النهضة العربية، _c2015. |
||
| 300 |
_a174 ص. ؛ _c24 سم. |
||
| 504 | _aيشتمل على إرجاعات ببليوجرافية. | ||
| 650 | 7 |
_aحقوق الإنسان (قانون دولي) _2BUEsh _940977 |
|
| 650 | 7 |
_aالإسلام وحقوق الإنسان _2BUEsh |
|
| 650 | 7 |
_aحقوق الإنسان (فقه إسلامي) _2BUEsh |
|
| 651 | _2BUEsh | ||
| 653 |
_bLLAAWW _cJanuary2017 |
||
| 942 | _2ddc | ||
| 999 |
_c23965 _d23937 |
||